| 000 | 00670nam a2200241 a 4500 | ||
|---|---|---|---|
| 999 |
_c7156 _d7156 |
||
| 001 | 7156 | ||
| 003 | BD-JhCC | ||
| 005 | 20180210104220.0 | ||
| 008 | 180205s2007 bg |||| |||| 000 0 eng d | ||
| 020 | _a9847000600592 | ||
| 035 | _a(BD-JhCC)7156 | ||
| 040 |
_aBD-JhCC _dBD-JhCC |
||
| 041 | _aeng | ||
| 082 |
_a954.9205 _bQUA 2007 |
||
| 100 | _aQuader, Helen | ||
| 245 |
_aLife Under Captivity in Pakistan 1971 / _cHelen Quader ; Translated by Harun-ur-Rashid |
||
| 260 |
_aDhaka : _bAgamee Prakashani, _c2007 |
||
| 300 |
_a111 p. : _c21 cm. |
||
| 651 |
_aBangladesh _xHistory _yRevolution, 1971 |
||
| 700 | _aRashid, Harun-ur, | ||
| 942 |
_2ddc _cBK |
||